000 00603nam a22002057a 4500
005 20251108172522.0
008 250721s9999 xx 000 0 ara d
082 1 4 _a347.05هند
100 1 _aهندي، أحمد
245 1 0 _aقانون التنفيذ الجبري /
264 1 _aالإسكندرية :
_bدار المطبوعات،
300 _a731ص
650 1 7 _aالقانون المدني
650 1 7 _aالمحاكم
650 1 7 _aالإجراءات المدنية
650 1 7 _aالمحاكمات
653 _aقانون المرافعات
942 _2ddc
_cBK
999 _c81442
_d81442